000 00441pab a2200181 454500
008 180718b2013 xxu||||| |||| 00| 0 eng d
100 _aSarangi, Arpita
245 _aA study on value profile of Indian managers
260 _c2013
300 _ap.159-171.
362 _aOct
650 _aManagers - India
650 _aManagers
700 _aKartha, B. Sunil
773 _aJournal of Human Values
908 _aN
909 _a101731
999 _c101729
_d101729